Наричаха ме Страшния полковник (Запис номер 151109)
[ съкратено ]
| 000 -Лидер | |
|---|---|
| Контролно поле с фиксирана дължина | 02244nam a2200433 c 4500 |
| 003 - Код на организацията, давaща контролен номер | |
| Контролно поле | BLK |
| 005 - Дата и час на последна редакция | |
| Контролно поле | 20230729005218.0 |
| 008 - Елементи от данни с фиксирана дължина | |
| fixed length control field | 180410b bul|||||r ||||||| ||bul|| |
| 010 ## - Наследен системен номер | |
| LC control number | KNG00157479000 |
| 040 ## - Източник на каталожния запис | |
| Идентификатор на билиотеката - собственик на записа | BLK |
| 041 ## - Код за език | |
| Код за езика на текст/звукозапис или на отделно заглавие | Български |
| Код за езика КДБФ | Български |
| 080 ## - УДК | |
| Текстов определител УДК | Живопис - художници |
| УДК код - определител по УДК | 75.071.1 |
| УДК определител | (72)(092) |
| УДК - код + определител | 75.071.1(72)(092) |
| 080 ## - УДК | |
| Текстов определител УДК | Мексикански художник и общественик (1896-1974) |
| УДК код - определител по УДК | 929 Сикейрос, Давид Алфаро |
| УДК определител | |
| УДК - код + определител | 929 Сикейрос, Давид Алфаро |
| 100 1# - Редна дума - Автор | |
| Автор | Сикейрос, Давид Алфаро |
| Авторска отговорност | първи автор |
| R(LIN) | 331268 |
| 139 ## - Редно поле | |
| Редна дума | Сикейрос, Давид Алфаро |
| Авторски знак | Си - С 35 |
| 245 10 - Сведения за заглавието | |
| Заглавие | Наричаха ме Страшния полковник |
| Подзаглавни данни | Спомени |
| Редно поле (дума) | Давид Алфаро Сикейрос; прев. от исп. Мариана Димитрова; ред. кол. Стоян Несторов Каролев; предг. от Атанас Стойков. |
| 257 ## - Страна на издаване | |
| Страна на създаване/издаване | Мексико |
| 260 ## - Област на издателските данни | |
| -- | София |
| Име на издателя, разпространителя и проч. | Нар. култура |
| Година на издаване | 1983 |
| Печатница | В. Търново : Д. Найденов |
| 300 ## - Физическа характеристика | |
| Страници | 535 с. |
| Размери/Мащаб | 22 см |
| 380 ## - Жанр | |
| Жанр | Изкуство |
| 490 1# - СЕРИИ (Колекции) | |
| Име на серия | Поредица Извори |
| 500 ## - Общи забележки | |
| Забележка | Ориг. загл. Me llamaban coronelazo / David Siqueoros. - Други ред. : Ив. Пауновски, Ив. Сарандев. - 20 125 тир. - Именен показалец. |
| 600 14 - Име на лице, използвано като предмет | |
| За него / За нея | Сикейрос, Давид Алфаро |
| 9 (RLIN) | 380627 |
| 650 #4 - Допълнително описание по предмет – тема | |
| Основно описание – тема или топоним | Художници, мексикански |
| 9 (RLIN) | 326239 |
| 650 #4 - Допълнително описание по предмет – тема | |
| Основно описание – тема или топоним | Сикейрос, Давид Алфаро |
| 9 (RLIN) | 380627 |
| 651 #4 - Допълнително описание по предмет - топоним | |
| Географско понятие | Мексико |
| 9 (RLIN) | 179210 |
| 653 ## - Ключова дума – ненормативна | |
| Ключова дума | Мексико |
| 653 ## - Ключова дума – ненормативна | |
| Ключова дума | художници |
| 653 ## - Ключова дума – ненормативна | |
| Ключова дума | Давид Сикейрос |
| 700 1# - Други автори (авторска отговорност) | |
| Лично име | Димитрова, Мариана |
| Автороска отговорност (Описва отношението между автора и произведението) | прев. от исп. |
| 9 (RLIN) | 375587 |
| 700 ## - Други автори (авторска отговорност) | |
| Лично име | Каролев, Стоян Несторов |
| 9 (RLIN) | 363884 |
| 700 1# - Други автори (авторска отговорност) | |
| Лично име | Стойков, Атанас |
| Автороска отговорност (Описва отношението между автора и произведението) | предг. от |
| Друга информация | Атанасов, Атанас Стойков |
| 9 (RLIN) | 369553 |
| 852 ## - Местоположение | |
| Форматна сигнатура | Цб 124697 |
| 856 4# - Електронен адрес и достъп | |
| Електронен формат | pdf - файл |
| Път до файла /url/ | |
| 856 4# - Електронен адрес и достъп | |
| Електронен формат | pdf - файл |
| Път до файла /url/ | |
| 942 ## - АРТИКУЛИ | |
| Вид на библиотечния материал | Книги |
| Скрит в OPAC | Не |
| 944 ## - СЪЗДАВАНЕ И РЕДАКЦИЯ на ЗАПИСА | |
| Създаване/Редакция | Създаване |
| Дата на регистрацията/редакция | 06.03.2014 |
| Статус, дата на статуса | CRON CRON |
| Служител, извършил регистрацията/редакцията | |
| 944 ## - СЪЗДАВАНЕ И РЕДАКЦИЯ на ЗАПИСА | |
| Създаване/Редакция | Редакция |
| Дата на регистрацията/редакция | 24.07.2015 |
| Статус, дата на статуса | 06.03.2014 - от С1,Р / 06.03.2014 |
| Служител, извършил регистрацията/редакцията | Ирена_Линкова |
| 999 ## - СИСТЕМНИ КОНТРОЛНИ НОМЕРА | |
| Koha biblionumber | 151109 |
| Koha biblioitemnumber | 151109 |
| Код за отписване | Код за изгубен артикул | Източник на класификационната схема | Код за повреда | Коз за рестрикции | Код за отдаване | Артикулен № | Име на библиотеката - собственик | Име на библиотеката, в която се намира в момента | Статус (Текущо местоположение) | Дата на вписване в системата | Местоположение - отдел | Цена в лева | Инвентарен номер | Систематично азбучна сигнатура | Баркод | Номер на екземпляра | Цена в евро | Служебна бележка | Служебен тип на артикула |
|---|---|---|---|---|---|---|---|---|---|---|---|---|---|---|---|---|---|---|---|
| Не е изгубен | Universal Decimal Classification | Не е повреден | без рестрикции | ползва се в читалня | 252450 | Регионална библиотека "Любен Каравелов" Русе | Регионална библиотека "Любен Каравелов" Русе | Хранилище | 1983-01-01 | Хранилище | 4.64 | 389950 | Цб 124697 | 900000011570 | 1 | 2.37 | Дост: Dp Вид: Д N: стар фонд Дата: 01.01.1983 | Книги | |
| Изтеглен | Не е изгубен | Universal Decimal Classification | Не е повреден | без рестрикции | заемане за дома | 252451 | Регионална библиотека "Любен Каравелов" Русе | Регионална библиотека "Любен Каравелов" Русе | Отдел Изкуство - подръчен фонд | 1983-01-01 | Отдел Изкуство - подръчен фонд | 0.00 | 389654 | ИП 75(092)/С 35 | 389654 | 2 | 0.00 | Дост: Pk Вид: Ф N: стар фонд Дата: 01.01.1983 Дата инв: 16.02.2015 Бележки инв: ИП2015 | Книги |
| Изтеглен | Не е изгубен | Universal Decimal Classification | Не е повреден | без рестрикции | заемане за дома | 252452 | Регионална библиотека "Любен Каравелов" Русе | Регионална библиотека "Любен Каравелов" Русе | Отдел Изкуство - подръчен фонд | 1983-01-01 | Отдел Изкуство - подръчен фонд | 7.64 | 389658 | ИП 75(092)/С 35 | 389658 | 3 | 3.91 | Дост: Pk Вид: Ф N: стар фонд Дата: 01.01.1983 Дата инв: 13.02.2015 Бележки инв: ИП2015 | Книги |